| 000 | 00759nam a2200205Ia 4500 | ||
|---|---|---|---|
| 999 |
_c35015 _d35015 |
||
| 001 | 854 | ||
| 003 | GE_BSU | ||
| 005 | 20220519121107.0 | ||
| 008 | 181216s1973||||rus|||||||||||||| ||ru || | ||
| 040 | _cGE_BSU | ||
| 041 | _aru | ||
| 080 | _a811.161.1(072) В-58 | ||
| 100 |
_aВласенков, А.И. _913777 |
||
| 245 |
_aОбщие вопросы методики русского языка в средней школе : _bПособие для учителя / _cА.И. Власенков. |
||
| 264 |
_aМосква : _bПросвещение, _c1973. |
||
| 300 | _a384 стр. | ||
| 653 | _aОбщие вопросы методики русского языка в средней школе | ||
| 653 | _aРусский язык | ||
| 942 |
_cBK _2udc |
||